LIBRARY & INFORMATION CENTRE, KCAET, TAVANUR

ONLINE PUBLIC ACCESS CATALOGUE (OPAC)

Indian concept of the beautiful / (Record no. 2514)

MARC details
000 -LEADER
fixed length control field 00434cam a2200169ua 4500
041 ## - LANGUAGE CODE
Language code of text/sound track or separate title eng
082 ## - DEWEY DECIMAL CLASSIFICATION NUMBER
Classification number 111.85
Item number DEW/IN
100 ## - MAIN ENTRY--AUTHOR NAME
Personal name Dewan, Bahadur .
245 ## - TITLE STATEMENT
Title Indian concept of the beautiful /
250 ## - EDITION STATEMENT
Edition statement 1 /
260 ## - PUBLICATION, DISTRIBUTION, ETC. (IMPRINT)
Place of publication :
Name of publisher University of Travancore ,
Year of publication 1947.
300 ## - PHYSICAL DESCRIPTION
Number of Pages 164 ; .
700 1# - ADDED ENTRY--PERSONAL NAME
Personal name Ramaswami sastri, K.S .
942 ## - ADDED ENTRY ELEMENTS (KOHA)
Koha item type Books
Holdings
Withdrawn status Lost status Damaged status Home library Current library Date acquired Full call number Accession Number Koha item type
Withdrawn     KAUAET Sanskrit University 07/04/2012 111.85 9087 Books
free website counter